Vista normal Vista MARC

Entrada Personal Name

Número de registros utilizados en: 14

001 - CONTROL NUMBER

  • control field: 442

003 - CONTROL NUMBER IDENTIFIER

  • control field: OSt

005 - DATE AND TIME OF LATEST TRANSACTION

  • control field: 20200211164431.0

008 - FIXED-LENGTH DATA ELEMENTS

  • fixed length control field: 200211|| aca||aabn | a|a d

040 ## - CATALOGING SOURCE

  • Original cataloging agency: OSt
  • Transcribing agency: OSt

100 ## - HEADING--PERSONAL NAME

  • Personal name: Restrepo Piedrahita, Carlos,

670 ## - SOURCE DATA FOUND

  • Source citation: Work cat.: (OSt)4082: Restrepo Piedrahita, Carlos, autor, Cuaderno de viaje : , 1994